000 00426ntaaa2200169 4500
003 01
005 20251027201753.0
008 0714s1973 ag 01
040 _aAR-BaBN
_bspa
_cAR-BaBN
_eaacr
_dRIC
082 _a241.0000 Ab3
100 _aAbeledo, Amaranto A.
_916182
245 _aHacia la vida superior
250 _a1 ed.
260 _aBuenos Aires :
_bTalleres Gráficas "Yunque",
_c1949
300 _a477 p
942 _cBK
999 _c12362
_d12362